Quantitative Aptitude For Competitive Examinations (Record no. 177799)

MARC details
000 -LEADER
fixed length control field 00481nam a2200193Ia 4500
008 - FIXED-LENGTH DATA ELEMENTS--GENERAL INFORMATION
fixed length control field 240823s9999||||xx |||||||||||||| ||und||
020 ## - INTERNATIONAL STANDARD BOOK NUMBER
International Standard Book Number 0-07-058189-4
082 ## - DEWEY DECIMAL CLASSIFICATION NUMBER
-- 371.262 P6
100 ## - MAIN ENTRY--PERSONAL NAME
Personal name Abhijit Guha
245 #0 - TITLE STATEMENT
Title Quantitative Aptitude For Competitive Examinations
250 ## - EDITION STATEMENT
Edition statement 3rd
260 ## - PUBLICATION, DISTRIBUTION, ETC. (IMPRINT)
Date of publication, distribution, etc 2006
Name of publisher, distributor, etc TMH New D
500 ## - GENERAL NOTE
General note TRANSFERED
650 ## - SUBJECT ADDED ENTRY--TOPICAL TERM
Topical term or geographic name as entry element Quantitive Techniques
942 ## - ADDED ENTRY ELEMENTS (KOHA)
Item type Books
Holdings
Withdrawn status Lost status Damaged status Permanent location Current location Shelving location Date acquired Source of acquisition Cost, normal purchase price Full call number Barcode Date last seen Koha item type
      CENTRAL LIBRARY, NOORUL ISLAM CENTRE FOR HIGHER EDUCATION CENTRAL LIBRARY, NOORUL ISLAM CENTRE FOR HIGHER EDUCATION Mathematics 09/05/2007 Velavan Book Centre 285.00 371.262 P6 31285 08/23/2024 Books
Visitors:
Copyright © 2024 Central Library NICHE.  All rights reserved.